000 00653nam a2200217 4500
001 143699
003 ES-MaACL
005 20240528062739.0
007 t|
008 070214s1969 sp r ||||1| cat d
100 1 _aSerra, Rafael.
_9105617
245 1 0 _aEvocacions i paisatges /
_cRafael Serra.
260 _aValls (Cataluña) :
_b[s.n.],
_c1969 (
_fTip. Moncunill)
300 _a148 p. ;
_c22 cm.
650 4 _aPoesía catalana-
_yS.XX
_916206
650 4 _914518
_aLiteratura catalana
_yS.XX
655 7 _aPoesías
_2tgfbne
_9176539
852 _aES-MaACL
_jC-36742
_bR.70862
_9148887
_cDEPO2
942 _2udc
_cMONOGRAFIA
999 _c143699
_d143699